00833cam a22002297a 4500003000500000005001700005008004100022010001000063011001000073020001500083035001000098040000900108082001500117100002700132245019400159260011100353300001900464650004600483650002300529650001900552700003200571CHAP20220329142359.0001019d1999 mx a r 00110 esp d a82661 a83633 a957953912X a94148 cCHAP04a631.21bP300aPark, Kyung-Joob, ed.10aLow-cost livestock farming practices in Korea, Philippines, Taiwan, and Thailand: a manual for extension officers and small-scale farmersc/editado por Kyung-Joo park y Franklin B. Aglibut. aTaiwan, Republic of China :bFood and Fertilizer Technology Center for the Asian and Pacific Regionc1999. a121p. :bilus.14aAgriculturaxInnovaciones tecnológicas.14aGanaderíaxAsia.14aGranjasxAsia.0 aAglibut, Franklin B.e, ed.